| 000 | 00435nam a2200145Ia 4500 | ||
|---|---|---|---|
| 008 | 240729s9999 xx 000 0 und d | ||
| 245 | 0 | _aJournal of Global Awareness | |
| 260 | _aUnited States | ||
| 260 | _bSt. John's University, Tobin College of Business | ||
| 650 | _a Social sciences (General) | ||
| 650 | _aSocial Sciences | ||
| 856 | _uhttps://doaj.org/toc/355891e83aca4eb8bfd1d2f8c205136b | ||
| 942 | _2ddc | ||
| 942 | _cDOAJEJ | ||
| 999 |
_c70019 _d70019 |
||
| 945 |
_a1 _bMadushi Gamage _c1 _dMadushi Gamage |
||